MARC details
| 000 -LÍDER |
| campo de controle de tamanho fixo |
01829nam a2200313 4500 |
| 001 - NÚMERO DE CONTROLE |
| campo de controle |
31 |
| 003 - IDENTIFICADOR DO NÚMERO DE CONTROLE |
| campo de controle |
OSt |
| 005 - DATA E HORÁRIO DA ÚLTIMA TRANSAÇÃO |
| campo de controle |
20250528074009.0 |
| 008 - CAMPO DE DADOS FIXOS--INFORMAÇÃO GERAL |
| campo de controle de tamanho fixo |
250121b |||||||g |||| 00| 1 eng d |
| 020 ## - ISBN - INTERNATIONAL STANDARD BOOK NUMBER |
| ISBN - International Standard Book Number |
8535904980 |
| 040 ## - FONTE DA CATALOGAÇÃO |
| Idioma da catalogação |
por |
| 041 ## - CÓDIGO DE IDIOMA |
| Código do idioma do original e/ou traduções intermediárias do texto |
eng |
| Código do idioma do texto/trilha sonora ou título diferente |
por |
| 082 ## - CDD - CLASSIFICAÇÃO DECIMAL DE DEWEY |
| Número de Classificação |
813 |
| Número do exemplar |
A934n |
| 100 1# - ENTRADA PRINCIPAL--NOME PESSOAL |
| Nome pessoal |
Auster, Paul, |
| Datas associadas ao nome |
1947-2024 |
| 9 (RLIN) |
83 |
| 240 ## - TÍTULO UNIFORME |
| Título uniforme |
Oracle Night |
| 245 ## - TÍTULO |
| Título |
Noite do Oráculo / |
| Indicação de responsabilidade, etc. |
Auster, Paul ; Tradução de José Rubens Siqueira |
| 260 ## - PUBLICAÇÃO, DISTRIBUIÇÃO, ETC. |
| Local de publicação, distribuição, etc. |
São Paulo |
| Nome do editor, distribuidor, etc. |
Companhia das Letras |
| Data da publicação, distribuição, etc. |
2004 |
| 300 ## - DESCRIÇÃO FÍSICA |
| Extensão |
224 p. |
| 520 ## - NOTA DE RESUMO, ETC. |
| Resumo, etc. |
A descoberta de um caderno misterioso vira a vida de um homem de cabeça para baixo neste romance compulsivamente legível de "um dos grandes escritores do nosso tempo" (San Francisco Chronicle).<br/><br/>Vários meses após sua recuperação de uma doença quase fatal, o romancista Sidney Orr entra em uma papelaria no Brooklyn e compra um caderno azul. É 18 de setembro de 1982 e, pelos próximos nove dias, Orr viverá sob o feitiço deste livro em branco, preso dentro de um mundo de premonições assustadoras e eventos desconcertantes que ameaçam destruir seu casamento e minar sua fé na realidade.<br/><br/>O hipnotizante décimo primeiro romance de Paul Auster parece uma história de fantasmas à moda antiga. Mas não há fantasmas neste livro - apenas seres humanos de carne e osso, vagando pelos reinos assombrados da vida cotidiana. Oracle Night é um tour de force narrativo que confirma a reputação de Auster como um dos escritores mais ousados e originais em atividade na América hoje. |
| 650 #0 - ASSUNTO--TERMO TÓPICO |
| Cabeçalho tópico ou nome geográfico |
Literatura Americana |
| 9 (RLIN) |
84 |
| 650 #0 - ASSUNTO--TERMO TÓPICO |
| Cabeçalho tópico ou nome geográfico |
Crime e Investigação |
| 9 (RLIN) |
13 |
| 650 #0 - ASSUNTO--TERMO TÓPICO |
| Cabeçalho tópico ou nome geográfico |
Mistério |
| 9 (RLIN) |
42 |
| 650 #0 - ASSUNTO--TERMO TÓPICO |
| Cabeçalho tópico ou nome geográfico |
Espanto |
| 9 (RLIN) |
72 |
| 650 #0 - ASSUNTO--TERMO TÓPICO |
| Cabeçalho tópico ou nome geográfico |
Psicológico |
| 9 (RLIN) |
85 |
| 655 #0 - TERMO DE ÍNDICE--GÊNERO E FORMA |
| Gênero/forma/ou termo foco |
Romance |
| 655 #0 - TERMO DE ÍNDICE--GÊNERO E FORMA |
| Gênero/forma/ou termo foco |
Ficção |
| 700 ## - ENTRADA ADICIONADA - NOME PESSOAL |
| Nome pessoal |
José Rubens Siqueira |
| Função do autor por extenso |
Tradutor |
| 9 (RLIN) |
86 |
| 942 ## - ELEMENTOS DE ENTRADA ADICIONADOS (KOHA) |
| Fonte de classificação ou esquema de arquivamento |
Classificação decimal de Dewey |
| Ocultar no OPAC |
Não |
| Tipo de material Koha |
Livros |